Joan Miró : (Record no. 1317)

MARC details
000 -LEADER
campo de control de longitud fija 00945nam a22002417a 4500
008 - DATOS DE LONGITUD FIJA--INFORMACIÓN GENERAL
campo de control de longitud fija 171011s2008 sp||||| |||| 00| 0 spa d
020 ## - NÚMERO INTERNACIONAL ESTÁNDAR DEL LIBRO
Número Internacional Estándar del Libro 9788496933279
082 04 - NÚMERO DE LA CLASIFICACIÓN DECIMAL DEWEY
Número de clasificación 708
Número de ítem M671g
100 1# - ENTRADA PRINCIPAL--NOMBRE DE PERSONA
Nombre de persona Miró, Joan.
9 (RLIN) 6031
245 10 - MENCIÓN DEL TÍTULO
Título Joan Miró :
Resto del título Galería de Antirretratos /
Mención de responsabilidad, etc. curaduría por Rosa Maria Malet ; Museo de Arte de El Salvador.
250 ## - MENCION DE EDICION
Mención de edición 1a edición.
260 ## - PUBLICACIÓN, DISTRIBUCIÓN, ETC.
Lugar de publicación, distribución, etc. España :
Nombre del editor, distribuidor, etc. Museo de Arte de El Salvador,
Fecha de publicación, distribución, etc. 2008.
300 ## - DESCRIPCIÓN FÍSICA
Extensión 99 páginas :
Otras características físicas ilustraciones en color.
500 ## - NOTA GENERAL
Nota general Catálogo publicado con motivo a la exposición "Joan Miró: Galería de Antirretratos", presentada del 28 de octubre de 2008 al 18 de enero de 2009, en el Museo de Arte de El Salvador.
653 10 - TÉRMINO DE INDIZACIÓN--NO CONTROLADO
Término no controlado Arte contemporáneo
653 10 - TÉRMINO DE INDIZACIÓN--NO CONTROLADO
Término no controlado Catálogo de exhibición
653 10 - TÉRMINO DE INDIZACIÓN--NO CONTROLADO
Término no controlado Exhibiciones
653 10 - TÉRMINO DE INDIZACIÓN--NO CONTROLADO
Término no controlado Pintura
653 10 - TÉRMINO DE INDIZACIÓN--NO CONTROLADO
Término no controlado Arte surrealista
653 10 - TÉRMINO DE INDIZACIÓN--NO CONTROLADO
Término no controlado Arte - España
653 10 - TÉRMINO DE INDIZACIÓN--NO CONTROLADO
Término no controlado Pintores
710 1# - ENTRADA AGREGADA--NOMBRE DE ENTIDAD CORPORATIVA
Nombre de entidad corporativa o nombre de jurisdicción como elemento de entrada Museo de Arte de El Salvador.
9 (RLIN) 1833
Holdings
Estatus retirado Estado de pérdida Fuente del sistema de clasificación o colocación Estado de daño No para préstamo Biblioteca de origen Biblioteca actual Ubicación en estantería Fecha de adquisición Total de préstamos Signatura topográfica completa Código de barras Visto por última vez Precio de reemplazo Tipo de ítem Koha
    Clasificación Decimal Dewey     Biblioteca LadoV Biblioteca LadoV   11/10/2017   708 M671g 001061 11/10/2017 11/10/2017 Material 01